Normal view MARC view

Entry Personal Name

Number of records used in: 1

001 - CONTROL NUMBER

  • control field: 51003

003 - CONTROL NUMBER IDENTIFIER

  • control field: dpl

005 - DATE AND TIME OF LATEST TRANSACTION

  • control field: 20120813124350.0

008 - FIXED-LENGTH DATA ELEMENTS

  • fixed length control field: 120813|||a|||||| | ||| d

040 ## - CATALOGING SOURCE

  • Original cataloging agency: dpl
  • Transcribing agency: dpl

100 ## - HEADING--PERSONAL NAME

  • Personal name: Sen,Benita

670 ## - SOURCE DATA FOUND

  • Source citation: Work cat.: (dpl)62916: Sen,Benita, A Ancient Rome / ncient Rome /, 2011

670 ## - SOURCE DATA FOUND

  • Source citation: Work cat.: (dpl)62916: Sen,Benita, A Ancient Rome / ncient Rome /, 2011

© Delhi Public Library
Hit Counter
free hit counter